000 00226nam a2200097 a 4500
005 20200930074422.0
008 111103s2004 000 spa d
245 0 _aIngles fácil.
260 _a[s.l.],
_c[s.f.].
999 _c35031
_d35031
040 _aDO-SdBNP